[Event "Athens PAO CC-ch 16th"]
[Site "Athens"]
[Date "2024.02.16"]
[Round "5"]
[White "Gkogka, Elvis"]
[Black "Panagiotakos, Petros"]
[Result "1-0"]
[WhiteElo "1364"]
[BlackElo "1534"]
[PlyCount "57"]
[EventDate "2024.01.19"]
[EventType "swiss"]
[EventRounds "7"]
[EventCountry "GRE"]
[SourceTitle "CB16_2024"]
[SourceDate "2024.04.17"]
[SourceVersion "1"]
[SourceVersionDate "2024.04.17"]
[SourceQuality "1"]

1. e4 c5 2. Nf3 Nc6 3. d4 cxd4 4. Nxd4 g6 5. Nc3 Bg7 6. Be3 Nf6 7. Qd2 0-0 8. Nxc6 bxc6 9. f3 d5 10. 0-0-0 Bb7 11. exd5 cxd5 12. Bh6 Qa5 13. Bxg7 Kxg7 14. h4 h5 15. Qd4 Rfe8 16. Re1 Qc7 17. f4 Kg8 18. Bd3 Rac8 19. f5 gxf5 20. Bxf5 e5 21. Qd2 Nd7 22. Qg5+ Kf8 23. Bxd7 Qxd7 24. Rxe5 Re6 25. Rxe6 Qxe6 26. Qxh5 d4 27. Qh8+ Ke7 28. Qxd4 a6 29. Qb4+ 1-0

[Event "Athens PAO CC-ch 16th"]
[Site "Athens"]
[Date "2024.01.26"]
[Round "2"]
[White "Panagiotakos, Petros"]
[Black "Toumpakaris, Grigorios Emmanouil"]
[Result "1/2-1/2"]
[WhiteElo "1534"]
[BlackElo "1175"]
[PlyCount "41"]
[EventDate "2024.01.19"]
[EventType "swiss"]
[EventRounds "7"]
[EventCountry "GRE"]
[SourceTitle "CB16_2024"]
[SourceDate "2024.04.17"]
[SourceVersion "1"]
[SourceVersionDate "2024.04.17"]
[SourceQuality "1"]

1. c4 e5 2. Nc3 Bb4 3. Nd5 Be7 4. d4 exd4 5. Qxd4 Nf6 6. Nxe7 Qxe7 7. Qc3 h6 8. f3 Nc6 9. Bd2 d6 10. 0-0-0 a5 11. e4 Nb4 12. Kb1 Nxe4 13. Qxg7 Nxd2+ 14. Kc1 Nxa2+ 15. Kxd2 Qg5+ 16. Qxg5 hxg5 17. Re1+ Kd8 18. Bd3 Be6 19. b3 Nb4 20. Be4 c6 21. Ne2 1/2-1/2

[Event "Athens Siaperas Memorial 13th"]
[Site "Athens"]
[Date "2017.01.28"]
[Round "3"]
[White "Panagiotakos, Petros"]
[Black "Sideris, Theodoros"]
[Result "0-1"]
[WhiteElo "1738"]
[BlackElo "1990"]
[PlyCount "63"]
[EventDate "2017.02.04"]
[EventType "swiss"]
[EventRounds "7"]
[EventCountry "GRE"]
[SourceTitle "EXT 2024"]
[Source "ChessBase"]
[SourceDate "2023.10.10"]
[SourceVersion "1"]
[SourceVersionDate "2023.10.10"]
[SourceQuality "1"]

1. c4 c5 2. Nc3 Nc6 3. g3 g6 4. Bg2 Bg7 5. e4 d6 6. Nge2 h5 7. h4 Bg4 8. f3 Bd7 9. d3 Nd4 10. Nxd4 cxd4 11. Ne2 e5 12. 0-0 Ne7 13. a4 0-0 14. b4 f5 15. Bg5 fxe4 16. fxe4 Bg4 17. Qd2 Qd7 18. Rxf8+ Rxf8 19. Rf1 Rxf1+ 20. Bxf1 Nc8 21. b5 Qf7 22. Bg2 Nb6 23. a5 Na4 24. Nc1 Nc5 25. Qf2 Qc7 26. Bd2 a6 27. Bf3 Be6 28. Be2 Qd7 29. b6 Qa4 30. Qe1 Qc2 31. Qd1 Qb2 32. Qe1 0-1

[Event "Athens ChessSquare Spring op"]
[Site "Athens"]
[Date "2016.06.25"]
[Round "7"]
[White "Panagiotakos, Petros"]
[Black "Efthimiou, Georgios"]
[Result "1-0"]
[WhiteElo "1779"]
[BlackElo "1844"]
[PlyCount "75"]
[EventDate "2016.04.23"]
[EventType "swiss"]
[EventRounds "7"]
[EventCountry "GRE"]
[SourceTitle "EXT 2024"]
[Source "ChessBase"]
[SourceDate "2023.10.10"]
[SourceVersion "1"]
[SourceVersionDate "2023.10.10"]
[SourceQuality "1"]

1. c4 Nf6 2. Nc3 g6 3. d4 Bg7 4. e4 d6 5. f3 0-0 6. Be3 e5 7. d5 Nfd7 8. Nh3 f5 9. Qd2 f4 10. Bg1 Nf6 11. Nf2 c6 12. 0-0-0 c5 13. Kb1 Na6 14. Be2 Bd7 15. g3 fxg3 16. hxg3 Nh5 17. Bh2 Rf7 18. Nd3 Nc7 19. f4 exf4 20. Bxh5 gxh5 21. gxf4 b5 22. cxb5 Nxb5 23. Nxb5 Bxb5 24. e5 Rb8 25. Rhg1 Rfb7 26. Rg2 Be8 27. f5 dxe5 28. Bxe5 Qxd5 29. Rxg7+ Rxg7 30. Bxg7 Qxf5 31. Bh6 Bg6 32. Qc3 Qf7 33. Ka1 Rd8 34. Rg1 c4 35. Ne5 Qf6 36. Nxg6 Qxc3 37. Ne5+ Kh8 38. Nf7# 1-0

[Event "Athens Georgiou Memorial 2nd"]
[Site "Athens"]
[Date "2016.04.16"]
[Round "7"]
[White "Panagiotakos, Petros"]
[Black "Kesoglou, Konstantinos"]
[Result "0-1"]
[WhiteElo "1776"]
[BlackElo "1971"]
[PlyCount "78"]
[EventDate "2016.02.27"]
[EventType "swiss"]
[EventRounds "7"]
[EventCountry "GRE"]
[SourceTitle "EXT 2024"]
[Source "ChessBase"]
[SourceDate "2023.10.10"]
[SourceVersion "1"]
[SourceVersionDate "2023.10.10"]
[SourceQuality "1"]

1. c4 Nf6 2. Nc3 e6 3. e4 Nc6 4. d4 d6 5. Nf3 Be7 6. Be2 d5 7. cxd5 exd5 8. e5 Ne4 9. 0-0 Nxc3 10. bxc3 0-0 11. Rb1 Na5 12. Bd3 Bg4 13. h3 Bh5 14. g4 Bg6 15. Bxg6 fxg6 16. Ne1 b6 17. Nd3 Qd7 18. f4 Nc4 19. Qf3 Rad8 20. Qg2 c5 21. Bd2 cxd4 22. cxd4 Qa4 23. Nb4 Na3 24. Rb3 a5 25. Rxa3 Qxa3 26. Nxd5 Bb4 27. Bxb4 axb4 28. Ne7+ Kh8 29. d5 b3 30. d6 bxa2 31. Ra1 Ra8 32. Nd5 Qd3 33. Kh2 Qb1 34. Qh1 Qb2+ 35. Kg3 g5 36. e6 Ra3+ 37. Qf3 gxf4+ 38. Nxf4 Rxf3+ 39. Kxf3 Qxa1 0-1

[Event "Athens Georgiou Memorial 1st"]
[Site "Athens"]
[Date "2015.04.18"]
[Round "6"]
[White "Panagiotakos, Petros"]
[Black "Kouvaratis, Ilias"]
[Result "1-0"]
[WhiteElo "1792"]
[BlackElo "1602"]
[PlyCount "87"]
[EventDate "2015.03.07"]
[EventType "swiss"]
[EventRounds "7"]
[EventCountry "GRE"]
[SourceTitle "EXT 2024"]
[Source "ChessBase"]
[SourceDate "2023.10.10"]
[SourceVersion "1"]
[SourceVersionDate "2023.10.10"]
[SourceQuality "1"]

1. c4 Nf6 2. Nc3 g6 3. e4 d6 4. d4 Bg7 5. f3 0-0 6. Be3 e5 7. d5 a5 8. Nge2 Na6 9. Nc1 Bd7 10. Nd3 b6 11. Be2 Ne8 12. Qd2 f5 13. 0-0-0 f4 14. Bf2 Nc5 15. Kb1 Nf6 16. g3 g5 17. gxf4 gxf4 18. h4 Nh5 19. Rdg1 Rf6 20. Rg5 Rh6 21. Bf1 Qc8 22. Be1 Kf7 23. Qh2 Nxd3 24. Bxd3 Bf6 25. Rg2 Qb7 26. Rhg1 Rg6 27. Rxg6 hxg6 28. Bf1 Rh8 29. Bh3 Qc8 30. Bxd7 Qxd7 31. Qg2 Rh6 32. Qg4 Ke7 33. Nb5 Ng7 34. Kc2 Ne8 35. Na7 Qa4+ 36. Kd3 Ng7 37. Nc6+ Kf7 38. Qd7+ Kf8 39. Nxe5 Qxd7 40. Nxd7+ Ke7 41. Nxf6 Kxf6 42. Bc3+ Kf7 43. Bxg7 Kxg7 44. Rg4 1-0

[Event "Athens Erythraias op 1st"]
[Site "Athens"]
[Date "2014.12.02"]
[Round "5"]
[White "Ponirakis, Dimitrios"]
[Black "Panagiotakos, Petros"]
[Result "1-0"]
[WhiteElo "2003"]
[BlackElo "1796"]
[PlyCount "81"]
[EventDate "2014.11.04"]
[EventType "swiss"]
[EventRounds "7"]
[EventCountry "GRE"]
[SourceTitle "EXT 2024"]
[Source "ChessBase"]
[SourceDate "2023.10.10"]
[SourceVersion "1"]
[SourceVersionDate "2023.10.10"]
[SourceQuality "1"]

1. d4 Nf6 2. c4 g6 3. Nc3 Bg7 4. e4 d6 5. f3 0-0 6. Be3 Nc6 7. Qd2 a6 8. Bd3 e5 9. d5 Nd4 10. Nge2 Nh5 11. 0-0-0 c5 12. dxc6 bxc6 13. Bb1 c5 14. Nd5 a5 15. Nec3 a4 16. Bd3 a3 17. b3 Be6 18. Rdf1 Bxd5 19. Nxd5 Qb8 20. Bc2 Ra7 21. Nc3 Nf4 22. h4 Rb7 23. Kd1 Rb4 24. g3 Nfe6 25. Nd5 Nxc2 26. Kxc2 Nd4+ 27. Bxd4 exd4 28. Nxb4 cxb4 29. h5 d5 30. hxg6 fxg6 31. exd5 Qe5 32. Qd3 Qxg3 33. c5 Qe5 34. d6 Qxc5+ 35. Qc4+ Qxc4+ 36. bxc4 Rd8 37. c5 Kf7 38. Re1 h5 39. Re7+ Kf8 40. Rh4 Bf6 41. Rf4 1-0

[Event "Ambelokipi op 143rd"]
[Site "Athens"]
[Date "2014.04.12"]
[Round "6"]
[White "Panagiotakos, Petros"]
[Black "Pararas, Ioannis"]
[Result "1/2-1/2"]
[WhiteElo "1815"]
[BlackElo "1590"]
[PlyCount "40"]
[EventDate "2014.03.08"]
[EventType "swiss"]
[EventRounds "7"]
[EventCountry "GRE"]
[SourceTitle "EXT 2016"]
[Source "ChessBase"]
[SourceDate "2015.10.08"]
[SourceVersion "1"]
[SourceVersionDate "2015.10.08"]
[SourceQuality "1"]

1. c4 c5 2. Nc3 Nc6 3. g3 g6 4. Bg2 Bg7 5. Nf3 Nf6 6. 0-0 0-0 7. d4 d6 8. d5 Nb8 9. e4 Nfd7 10. Be3 Na6 11. Qd2 Re8 12. Nh4 Nc7 13. f4 a6 14. a4 Rb8 15. Nf3 b5 16. axb5 axb5 17. cxb5 Nxb5 18. Nxb5 Rxb5 19. Rfb1 Qb6 20. Ra2 Bb7 1/2-1/2

[Event "Ambelokipi op 134th"]
[Site "Athens"]
[Date "2013.06.26"]
[Round "7"]
[White "Ilandzis, Spyridon"]
[Black "Panagiotakos, Petros"]
[Result "0-1"]
[WhiteElo "2158"]
[BlackElo "1843"]
[PlyCount "62"]
[EventDate "2013.05.15"]
[EventType "swiss"]
[EventRounds "7"]
[EventCountry "GRE"]
[SourceTitle "EXT 2024"]
[Source "ChessBase"]
[SourceDate "2023.10.10"]
[SourceVersion "1"]
[SourceVersionDate "2023.10.10"]
[SourceQuality "1"]

1. d4 Nf6 2. c4 g6 3. Nc3 Bg7 4. e4 d6 5. Nf3 0-0 6. Be2 c5 7. d5 Na6 8. Bf4 Qa5 9. 0-0 Nh5 10. Bg5 Re8 11. Qd2 Nc7 12. Ne1 Nf6 13. Nd3 a6 14. a3 b5 15. b4 Qb6 16. Rab1 bxc4 17. bxc5 Qa5 18. Nb4 Nb5 19. Nba2 Nd7 20. Nxb5 axb5 21. Qxa5 Rxa5 22. Nb4 Nxc5 23. Nc6 Rxa3 24. Rxb5 c3 25. Nxe7+ Kf8 26. Nxc8 Rxc8 27. f3 Bd4+ 28. Kh1 c2 29. Bc4 Be3 30. Bxe3 Rxe3 31. Rc1 Nd3 0-1

[Event "Ambelokipi op 130th"]
[Site "Athens"]
[Date "2012.12.19"]
[Round "?"]
[White "Panagiotakos, Petros"]
[Black "Katopodis, Dimitrios"]
[Result "1-0"]
[WhiteElo "1861"]
[BlackElo "1597"]
[PlyCount "61"]
[EventDate "2012.12.01"]
[EventType "swiss"]
[EventRounds "7"]
[EventCountry "GRE"]
[SourceTitle "EXT 2024"]
[Source "ChessBase"]
[SourceDate "2023.10.10"]
[SourceVersion "1"]
[SourceVersionDate "2023.10.10"]
[SourceQuality "1"]

1. c4 c6 2. e4 d5 3. exd5 cxd5 4. d4 Nf6 5. Nc3 Nc6 6. Nf3 Bg4 7. Be2 e6 8. c5 Ne4 9. 0-0 Be7 10. Be3 Nxc3 11. bxc3 0-0 12. Rb1 Bxf3 13. Bxf3 b6 14. c4 Na5 15. cxd5 exd5 16. Rc1 Nc4 17. Bf4 Bg5 18. Bxg5 Qxg5 19. Rxc4 dxc4 20. Bxa8 Rxa8 21. Qf3 Rd8 22. c6 Qe7 23. d5 Qc5 24. h3 h6 25. Rd1 c3 26. Rc1 Qxd5 27. c7 Qd7 28. cxd8Q+ Qxd8 29. Rxc3 b5 30. Qg4 Kh7 31. Qf5+ 1-0

[Event "Nikaia op-A 20th"]
[Site "Nikea"]
[Date "2012.08.31"]
[Round "7.20"]
[White "Drakoulakos, Grigorios"]
[Black "Panagiotakos, Petros"]
[Result "1-0"]
[WhiteElo "1775"]
[BlackElo "1889"]
[PlyCount "101"]
[EventDate "2012.08.26"]
[EventType "swiss"]
[EventRounds "9"]
[EventCountry "GRE"]
[SourceTitle "EXT 2024"]
[Source "ChessBase"]
[SourceDate "2023.10.10"]
[SourceVersion "1"]
[SourceVersionDate "2023.10.10"]
[SourceQuality "1"]

1. d4 Nf6 2. c4 g6 3. Nc3 Bg7 4. e4 d6 5. Nge2 0-0 6. Ng3 c6 7. Be2 Nbd7 8. h4 h5 9. Bg5 Qb6 10. Rb1 e5 11. d5 cxd5 12. cxd5 a6 13. Qd2 Re8 14. b4 Nf8 15. Be3 Qd8 16. f3 Bd7 17. Bf2 Rc8 18. Nf1 Kh7 19. Ne3 Bh6 20. 0-0 Ng8 21. Qd3 Ne7 22. Nc4 Qc7 23. Rb3 b5 24. Nb6 Rb8 25. Nxd7 Nxd7 26. Be3 Bxe3+ 27. Qxe3 Qb6 28. Qxb6 Nxb6 29. Ra1 Rec8 30. a4 Nc4 31. axb5 axb5 32. Ra7 Ng8 33. Rxf7+ Kh8 34. Kh2 Nh6 35. Rd7 Rb6 36. Ra7 Nd2 37. Rba3 Nc4 38. Ra8 Rbb8 39. Rxb8 Rxb8 40. Bxc4 bxc4 41. b5 Kg7 42. Ra7+ Kf6 43. Rc7 g5 44. Rxc4 gxh4 45. Rc6 Nf7 46. b6 Rg8 47. Nb5 h3 48. Kxh3 Kg5 49. Nxd6 Nd8 50. Rc8 Kf4 51. b7 1-0

[Event "Nikaia op-A 20th"]
[Site "Nikea"]
[Date "2012.08.29"]
[Round "5.18"]
[White "Vlassis, Georgios"]
[Black "Panagiotakos, Petros"]
[Result "1-0"]
[WhiteElo "2022"]
[BlackElo "1889"]
[PlyCount "47"]
[EventDate "2012.08.26"]
[EventType "swiss"]
[EventRounds "9"]
[EventCountry "GRE"]
[SourceTitle "EXT 2024"]
[Source "ChessBase"]
[SourceDate "2023.10.10"]
[SourceVersion "1"]
[SourceVersionDate "2023.10.10"]
[SourceQuality "1"]

1. e4 c5 2. a3 Nc6 3. b4 cxb4 4. axb4 Nxb4 5. c3 Nc6 6. d4 d5 7. e5 e6 8. Bd3 Bd7 9. Nh3 f5 10. Nf4 g6 11. g4 Qh4 12. gxf5 gxf5 13. Na3 Nh6 14. Nb5 Ng4 15. Nc7+ Kf7 16. Qf3 Rc8 17. Nfxe6 Qxf2+ 18. Qxf2 Nxf2 19. Ng5+ Kg6 20. Kxf2 Rxc7 21. Rg1 Kh5 22. Be2+ Kh4 23. Nf3+ Kh5 24. Nh4+ 1-0

[Event "Petroupoli op 4th"]
[Site "Petroupoli"]
[Date "2012.04.28"]
[Round "1"]
[White "Rigopoulos Tsigkos, Alexandros"]
[Black "Panagiotakos, Petros"]
[Result "1-0"]
[WhiteElo "2095"]
[BlackElo "1898"]
[PlyCount "77"]
[EventDate "2012.04.28"]
[EventType "swiss"]
[EventRounds "7"]
[EventCountry "GRE"]
[SourceTitle "CBM 148 Extra"]
[Source "ChessBase"]
[SourceDate "2012.06.22"]
[SourceVersion "1"]
[SourceVersionDate "2012.06.22"]
[SourceQuality "1"]

1. e4 c5 2. Nf3 Nc6 3. c3 Nf6 4. e5 Nd5 5. d4 cxd4 6. Bc4 Nb6 7. Bb3 d6 8. exd6 Qxd6 9. Na3 dxc3 10. Qe2 g6 11. Nb5 Qb8 12. Ng5 Nd8 13. 0-0 Bg7 14. Rd1 0-0 15. Rxd8 Rxd8 16. Qxe7 Be6 17. Nxe6 fxe6 18. Nc7 Kh8 19. Nxa8 Re8 20. Qa3 Qe5 21. Be3 cxb2 22. Rb1 Nxa8 23. g3 Qe4 24. Rxb2 Bxb2 25. Qxb2+ Kg8 26. Bc2 Qf3 27. Bh6 Qf7 28. Qe5 Nb6 29. h4 Nd7 30. Qd4 b6 31. Ba4 Re7 32. Bg5 Nc5 33. Bc6 Rc7 34. Qd8+ Kg7 35. Qd2 Kg8 36. Qd8+ Kg7 37. Bf4 Re7 38. Be5+ Kh6 39. Qd2+ 1-0

[Event "Ambelokipi op 120th"]
[Site "Athens"]
[Date "2011.12.10"]
[Round "3"]
[White "Panagiotakos, Petros"]
[Black "Kostouros, Alexandros"]
[Result "0-1"]
[WhiteElo "1865"]
[BlackElo "2191"]
[PlyCount "64"]
[EventDate "2011.12.03"]
[EventType "swiss"]
[EventRounds "7"]
[EventCountry "GRE"]
[SourceTitle "EXT 2024"]
[Source "ChessBase"]
[SourceDate "2023.10.10"]
[SourceVersion "1"]
[SourceVersionDate "2023.10.10"]
[SourceQuality "1"]

1. c4 e5 2. Nc3 f5 3. Nf3 e4 4. Nd4 g6 5. d3 exd3 6. exd3 Bg7 7. Nf3 Nf6 8. Be2 d5 9. Bg5 d4 10. Nb5 c5 11. Bf4 0-0 12. Bc7 Qd7 13. Bd6 a6 14. Bxf8 Bxf8 15. Na3 Nc6 16. 0-0 Bd6 17. Nc2 Qc7 18. g3 f4 19. Nce1 Bh3 20. Ng2 h6 21. Re1 fxg3 22. hxg3 Bxg3 23. fxg3 Qxg3 24. Bf1 Ng4 25. Qe2 Rf8 26. Qe6+ Kg7 27. Re4 Ne3 28. Rxe3 Bxe6 29. Rxe6 Rxf3 30. Rae1 Qf2+ 31. Kh2 Rf5 32. Be2 Rg5 0-1

[Event "Athens op 09"]
[Site "Athens"]
[Date "2011.09.21"]
[Round "3"]
[White "Panagiotakos, Petros"]
[Black "Marianidis, Dimitrios"]
[Result "0-1"]
[WhiteElo "1890"]
[BlackElo "1861"]
[PlyCount "116"]
[EventDate "2011.09.10"]
[EventType "swiss"]
[EventRounds "7"]
[EventCountry "GRE"]
[SourceTitle "CBM 144 Extra"]
[Source "ChessBase"]
[SourceDate "2011.10.28"]
[SourceVersion "1"]
[SourceVersionDate "2011.10.28"]
[SourceQuality "1"]

1. c4 e5 2. Nc3 f5 3. Nf3 e4 4. Nd4 g6 5. e3 c6 6. b3 Nf6 7. Bb2 d6 8. f3 Bg7 9. Qc2 Qe7 10. 0-0-0 c5 11. Nde2 Na6 12. a3 Nc7 13. h4 Bd7 14. Nf4 Bc6 15. Be2 d5 16. Rhe1 d4 17. exd4 cxd4 18. Ncd5 Nfxd5 19. Nxd5 Nxd5 20. cxd5 Bxd5 21. fxe4 fxe4 22. Kb1 Kd8 23. d3 Rc8 24. Qd2 Bxb3 25. dxe4 Bxd1 26. Bxd1 Kc7 27. e5 Kb8 28. Qxd4 Rhd8 29. Qf4 Rf8 30. Qg3 Qc7 31. Bb3 Ka8 32. Rc1 Qe7 33. Rd1 Rcd8 34. Re1 Bh6 35. a4 Bd2 36. Re2 Rf1+ 37. Ka2 Bf4 38. Qc3 Qxh4 39. e6 Qe7 40. Ba3 Bd6 41. Bb2 Bb4 42. Qe5 Rf5 43. Qe4 Rff8 44. Bd5 Bd6 45. Bb3 Rf4 46. Qe3 Rf5 47. g4 Bc5 48. Qe4 Rf2 49. Rxf2 Bxf2 50. Ba3 Bc5 51. Bc1 Rd4 52. Qf3 Rd8 53. g5 Rf8 54. Qe4 Rf2+ 55. Kb1 Bd6 56. Qd4 Qf8 57. Be3 Qf5+ 58. Bc2 Qxc2+ 0-1